Villes des Comores - Mort subite - Statistiques

Statistiques générales
  • Ce quiz a été pris 261 fois
  • Le résultat moyen est 5 sur 20
Answers on the Grid
Answers color-coded by a green-red scale on the quiz's grid according to % correct below.
Moroni
Mustamudu
Fomboni
Domoni
Mkazi
Mvouni
Mde
Ouani
Hahaia
Dodoma
Mtwara
Mamoudzou
Malé
Chindini
Pidjani
Foumbouni
Bambao Yadjou
Bambao Mtrouni
Mitsinjo
Démbeni
Dembéni
Mohoro
Madzini
Damani
Narondoni
Itsamia
Panini
Batsa
Baridini
Djibounu
Sada
Chirongui
Simani
Assoumani
Catimini
Vanambouani
 
Statistiques - réponses
Réponse % Correct
Moroni
58%
Fomboni
40%
Foumbouni
40%
Mkazi
38%
Mvouni
26%
Domoni
25%
Chindini
24%
Mde
24%
Mustamudu
22%
Démbeni
21%
Hahaia
21%
Ouani
21%
Malé
20%
Batsa
16%
Mohoro
16%
Vanambouani
16%
Pidjani
14%
Sada
12%
Bambao Mtrouni
9%
Itsamia
6%
Aucun quiz correspondant
Distribution des résultats
% des personnes avec chaque résultat
Percentile par nombre de réponses
Votre historique - résultats
Vous n’avez pas pris ce quiz